[Event "EUR-ch U14 w"]
[Site "Batumi GEO"]
[Date "2014.10.22"]
[Round "4"]
[White "Jablonskaja, Anastasija"]
[Black "Ambrozova, Lucie"]
[Result "0-1"]
[WhiteElo "1356"]
[BlackElo "1725"]
[PlyCount "57"]
[EventDate "2014.10.19"]
[EventType "swiss"]
[EventRounds "9"]
[EventCountry "CAN"]
[Source "Chessbase"]
[SourceDate "2015.02.06"]

1. e4 c5 2. Nf3 d6 3. d4 cxd4 4. Nxd4 Nf6 5. Nc3 g6 6. Bg5 Bg7 7. Nf3 O-O 8. e5
dxe5 9. Nxe5 Qa5 10. Bf4 Rd8 11. Bd3 Ne4 12. Nc4 Nxc3 13. Nxa5 Nxd1 14. Rxd1
Bxb2 15. O-O Bc3 16. Nb3 Nc6 17. Be4 Be6 18. Nc5 Bxa2 19. Nxb7 Rxd1 20. Rxd1
Nd4 21. Be3 e5 22. Bxd4 Bxd4 23. Na5 Rc8 24. Nc6 Re8 25. Nxd4 exd4 26. f3 f6
27. Bc6 Re6 28. Ra1 Bc4 29. Rxa7 0-1

[Event "EUR-ch U14 w"]
[Site "Batumi GEO"]
[Date "2014.10.22"]
[Round "4"]
[White "Jalaghonia, Nino"]
[Black "Mustafazada, Nigar"]
[Result "1-0"]
[WhiteElo "1887"]
[BlackElo "1744"]
[PlyCount "84"]
[EventDate "2014.10.19"]
[EventType "swiss"]
[EventRounds "9"]
[EventCountry "CAN"]
[Source "Chessbase"]
[SourceDate "2015.02.06"]

1. c4 Nf6 2. Nc3 g6 3. g3 Bg7 4. Bg2 O-O 5. e4 d6 6. Nge2 e5 7. O-O c6 8. d3
Nbd7 9. h3 Ne8 10. Be3 Nc7 11. f4 exf4 12. gxf4 f5 13. Ng3 Qh4 14. Qe1 Na6 15.
a3 Ndc5 16. Rd1 Re8 17. Qf2 Be6 18. d4 Nb3 19. d5 Bd7 20. Kh2 Nbc5 21. e5 cxd5
22. Bxd5+ Be6 23. exd6 Bxc3 24. bxc3 Bxd5 25. Rxd5 Ne4 26. Nxe4 Qxf2+ 27. Bxf2
fxe4 28. d7 Red8 29. Bh4 Nc7 30. Bxd8 Rxd8 31. Rd4 e3 32. Re1 Ne6 33. Rxe3 Kf7
34. Rde4 Nc5 35. Re7+ Kf6 36. Rxh7 Rxd7 37. Rxd7 Nxd7 38. Rd3 Nb6 39. c5 Na4
40. Rd6+ Kf5 41. c6 bxc6 42. Rxc6 Kxf4 1-0

[Event "EUR-ch U14 w"]
[Site "Batumi GEO"]
[Date "2014.10.22"]
[Round "4"]
[White "Janiashvili, Mariami"]
[Black "Feofilova, Elizaveta"]
[Result "1-0"]
[WhiteElo "1679"]
[BlackElo "1813"]
[PlyCount "75"]
[EventDate "2014.10.19"]
[EventType "swiss"]
[EventRounds "9"]
[EventCountry "CAN"]
[Source "Chessbase"]
[SourceDate "2015.02.06"]

1. d4 Nf6 2. c4 g6 3. Nc3 Bg7 4. e4 d6 5. Nf3 O-O 6. Be2 e5 7. dxe5 dxe5 8.
Qxd8 Rxd8 9. Bg5 Re8 10. Nd5 Nxd5 11. cxd5 c6 12. Bc4 h6 13. Be3 cxd5 14. Bxd5
Nd7 15. Nd2 Nf6 16. Bb3 Ng4 17. Bc5 Bf8 18. Rc1 Rd8 19. Bxf8 Kxf8 20. Rc7 Rd7
21. Rxd7 Bxd7 22. f3 Ne3 23. Kf2 Nxg2 24. Kxg2 Rd8 25. Kf2 Be6 26. Ke3 Bxb3 27.
Nxb3 Rc8 28. Rc1 Rxc1 29. Nxc1 Ke7 30. Nd3 Kd6 31. Nb4 Ke6 32. Nd5 h5 33. Kf2
f5 34. Kg3 fxe4 35. fxe4 g5 36. h4 g4 37. Ne3 Kf6 38. Nxg4+ 1-0

[Event "EUR-ch U14 w"]
[Site "Batumi GEO"]
[Date "2014.10.22"]
[Round "4"]
[White "Jibuti, Nata"]
[Black "Mican, Karmela"]
[Result "1/2-1/2"]
[WhiteElo "1634"]
[BlackElo "1726"]
[PlyCount "98"]
[EventDate "2014.10.19"]
[EventType "swiss"]
[EventRounds "9"]
[EventCountry "CAN"]
[Source "Chessbase"]
[SourceDate "2015.02.06"]

1. e4 e5 2. Nf3 Nc6 3. Bb5 a6 4. Ba4 Nf6 5. d3 d6 6. c3 b5 7. Bc2 Be7 8. O-O
O-O 9. Nbd2 Re8 10. Re1 Bb7 11. Nf1 Bf8 12. Bg5 h6 13. Bh4 Nb8 14. Ne3 Nbd7 15.
Nf5 g6 16. Ne3 Nc5 17. Bb3 Ncd7 18. Bc2 c5 19. Bb3 Qc7 20. Nd2 Bg7 21. Qf3 Rf8
22. h3 Rae8 23. Ng4 Nh5 24. Qe3 g5 25. Bg3 Nf4 26. h4 Nf6 27. Nxf6+ Bxf6 28.
Nf3 Qe7 29. hxg5 hxg5 30. Nd2 Bc8 31. f3 Kg7 32. Kf2 Rh8 33. Rh1 Bd7 34. Bc2 a5
35. a4 Rxh1 36. Rxh1 Rb8 37. axb5 Bxb5 38. c4 Be8 39. b3 Ne6 40. Rh2 Bc6 41.
Qe1 Rh8 42. Nf1 Nd4 43. Ne3 Rxh2 44. Bxh2 Qc7 45. Qc3 Qb6 46. Bd1 Be7 47. Bg1
Qb4 48. Qxb4 axb4 49. g3 Kg6 1/2-1/2

[Event "EUR-ch U14 w"]
[Site "Batumi GEO"]
[Date "2014.10.22"]
[Round "4"]
[White "Kalaiyalahan, Akshaya"]
[Black "Shuvalova, Polina"]
[Result "0-1"]
[WhiteElo "2052"]
[BlackElo "2142"]
[PlyCount "128"]
[EventDate "2014.10.19"]
[EventType "swiss"]
[EventRounds "9"]
[EventCountry "CAN"]
[Source "Chessbase"]
[SourceDate "2015.02.06"]

1. d4 Nf6 2. Nf3 g6 3. g3 Bg7 4. Bg2 O-O 5. c4 d6 6. Nc3 c6 7. O-O Qa5 8. e4
Qh5 9. Ng5 Na6 10. Qxh5 Nxh5 11. Be3 e5 12. dxe5 dxe5 13. Bh3 Bh6 14. Bxc8
Raxc8 15. Nf3 Bxe3 16. fxe3 f6 17. g4 Ng7 18. g5 fxg5 19. Nxg5 Nc5 20. Nf3 a5
21. Nxe5 Rxf1+ 22. Rxf1 Ne8 23. Nf3 Nd6 24. Nd2 Re8 25. b3 Ndxe4 26. Ndxe4 Nxe4
27. Nxe4 Rxe4 28. Rf3 Re7 29. Rg3 Rd7 30. e4 Rd2 31. a4 Kf7 32. Re3 Ke6 33. Rh3
Rb2 34. Rxh7 Rxb3 35. Rg7 Ke5 36. Rxg6 Kxe4 37. Rg5 Kd4 38. Rg4+ Kc5 39. h4 Kb4
40. h5 Kxa4 41. Kg2 Re3 42. h6 Re8 43. h7 Rh8 44. c5+ Kb5 45. Rg7 Ka6 46. Kf3
a4 47. Ke4 a3 48. Rg3 Rxh7 49. Rxa3+ Kb5 50. Rc3 Rh4+ 51. Ke5 Rc4 52. Rb3+ Kxc5
53. Rxb7 Rh4 54. Rb1 Rc4 55. Rb7 Rc3 56. Ke4 Kc4 57. Rb1 c5 58. Rb2 Rh3 59.
Rc2+ Kb4 60. Rc1 c4 61. Kd4 c3 62. Rb1+ Ka3 63. Rb8 c2 64. Rc8 Kb2 0-1

[Event "EUR-ch U14 w"]
[Site "Batumi GEO"]
[Date "2014.10.22"]
[Round "4"]
[White "Kazarian, Anna Maja"]
[Black "Koridze, Lile"]
[Result "1-0"]
[WhiteElo "2108"]
[BlackElo "1750"]
[PlyCount "91"]
[EventDate "2014.10.19"]
[EventType "swiss"]
[EventRounds "9"]
[EventCountry "CAN"]
[Source "Chessbase"]
[SourceDate "2015.02.06"]

1. e4 c5 2. Nf3 d6 3. d4 cxd4 4. Nxd4 Nf6 5. Nc3 Nc6 6. f3 e5 7. Nb3 Be6 8. Be3
Be7 9. Qd2 d5 10. exd5 Nxd5 11. Nxd5 Qxd5 12. Qxd5 Bxd5 13. O-O-O O-O-O 14. Bb5
Kb8 15. c4 Be6 16. Bxc6 bxc6 17. Nc5 Bxc4 18. Nd7+ Kb7 19. b3 Ba3+ 20. Kc2 Bd5
21. Nxe5 Rhe8 22. Bd4 c5 23. Bc3 Bb4 24. Rhe1 Be6 25. g4 Bxc3 26. Rxd8 Rxd8 27.
Kxc3 Kb6 28. Nd3 Rc8 29. Nf4 Rc6 30. Nxe6 Rxe6 31. Rxe6+ fxe6 32. Kc4 Kc6 33.
f4 a6 34. a4 a5 35. h4 g6 36. h5 Kb6 37. Kd3 Kc6 38. Ke4 gxh5 39. gxh5 Kd6 40.
f5 exf5+ 41. Kxf5 h6 42. Kg6 Ke6 43. Kxh6 Kf6 44. Kh7 Kf7 45. h6 Kf6 46. Kg8
1-0

[Event "EUR-ch U14 w"]
[Site "Batumi GEO"]
[Date "2014.10.22"]
[Round "4"]
[White "Korchagina, Alena"]
[Black "Ayazmali, Gizem"]
[Result "1-0"]
[WhiteElo "1894"]
[BlackElo "1745"]
[PlyCount "83"]
[EventDate "2014.10.19"]
[EventType "swiss"]
[EventRounds "9"]
[EventCountry "CAN"]
[Source "Chessbase"]
[SourceDate "2015.02.06"]

1. Nf3 Nf6 2. c4 g6 3. Nc3 Bg7 4. e4 d6 5. d4 O-O 6. Be2 e5 7. O-O Nc6 8. d5
Ne7 9. Nd2 Ne8 10. b4 f5 11. c5 f4 12. Bg4 Nf6 13. Bxc8 Rxc8 14. f3 g5 15. a4
Ng6 16. Ba3 Rf7 17. c6 b6 18. a5 h5 19. axb6 axb6 20. Kf2 g4 21. Ke2 Nh7 22.
Kd3 Qh4 23. Qe2 Bf8 24. Bb2 Rg7 25. Kc2 Ng5 26. Rh1 gxf3 27. Nxf3 Nxf3 28. gxf3
Qh3 29. Qf1 Qxf1 30. Rhxf1 Nh4 31. Rf2 Kf7 32. Kd3 Rg2 33. Rxg2 Nxg2 34. Nb5
Ke8 35. Rg1 Nh4 36. Ke2 Kf7 37. Bc3 Be7 38. Ra1 Ke8 39. Ra7 Kd8 40. Be1 Bf6 41.
Bf2 Be7 42. Nxc7 1-0

[Event "EUR-ch U14 w"]
[Site "Batumi GEO"]
[Date "2014.10.22"]
[Round "4"]
[White "Krasnokutskaya, Sofiya"]
[Black "Sieber, Fiona"]
[Result "0-1"]
[WhiteElo "1851"]
[BlackElo "1955"]
[PlyCount "34"]
[EventDate "2014.10.19"]
[EventType "swiss"]
[EventRounds "9"]
[EventCountry "CAN"]
[Source "Chessbase"]
[SourceDate "2015.02.06"]

1. e4 c5 2. b3 g6 3. Bb2 Nf6 4. e5 Nd5 5. Nf3 Bg7 6. c4 Nb4 7. Nc3 O-O 8. g3 d6
9. a3 N4c6 10. exd6 Bg4 11. Be2 exd6 12. O-O Re8 13. Re1 Rxe2 14. Qxe2 Ne5 15.
h3 Nxf3+ 16. Kh1 Nxe1 17. hxg4 Nc2 0-1

[Event "EUR-ch U14 w"]
[Site "Batumi GEO"]
[Date "2014.10.22"]
[Round "4"]
[White "Lomandong, Noela Joyce"]
[Black "Maksimovic, Masa"]
[Result "1/2-1/2"]
[WhiteElo "1852"]
[BlackElo "1679"]
[PlyCount "91"]
[EventDate "2014.10.19"]
[EventType "swiss"]
[EventRounds "9"]
[EventCountry "CAN"]
[Source "Chessbase"]
[SourceDate "2015.02.06"]

1. e4 c5 2. Nc3 Nc6 3. f4 d6 4. Nf3 g6 5. d3 Bg7 6. g3 Nf6 7. Bg2 a6 8. a4 Qc7
9. O-O Rb8 10. Qe2 Nd4 11. Qd1 b5 12. axb5 axb5 13. Ne2 Nxf3+ 14. Bxf3 b4 15.
c3 h5 16. Qe1 h4 17. Bd2 hxg3 18. Nxg3 Rh3 19. Rf2 Ng4 20. Re2 b3 21. Ra3 Qb7
22. Qa1 Qb5 23. Qb1 Qb6 24. Bxg4 Bxg4 25. Rf2 f5 26. Qe1 Kf7 27. Nf1 Bf6 28.
Ng3 Rh7 29. Qa1 Qb5 30. c4 Qb6 31. Bc3 Bd4 32. Bxd4 cxd4 33. Qe1 Rbh8 34. Qa5
Qxa5 35. Rxa5 Rh3 36. e5 dxe5 37. Rxe5 e6 38. Rd2 Bf3 39. Rb5 R8h4 40. Rxb3
Rxf4 41. Rf2 Ke7 42. Ra3 e5 43. b4 g5 44. Ra5 Kd6 45. Ra6+ Kd7 46. Ra5 1/2-1/2

[Event "EUR-ch U14 w"]
[Site "Batumi GEO"]
[Date "2014.10.22"]
[Round "4"]
[White "Misiuk, Karolina"]
[Black "Jacobsen, Elise Sjottem"]
[Result "1-0"]
[WhiteElo "1480"]
[BlackElo "1685"]
[PlyCount "143"]
[EventDate "2014.10.19"]
[EventType "swiss"]
[EventRounds "9"]
[EventCountry "CAN"]
[Source "Chessbase"]
[SourceDate "2015.02.06"]

1. e4 e5 2. Nf3 Nc6 3. Bc4 d6 4. Nc3 Bg4 5. h3 Be6 6. Bb3 Nf6 7. d3 Bxb3 8.
axb3 Be7 9. Be3 a6 10. Ne2 O-O 11. Ng3 Nd7 12. O-O Qe8 13. Qd2 Qd8 14. Rad1 Na7
15. Nf5 Kh8 16. Qb4 b6 17. Qd2 Bf6 18. Nh2 g6 19. Ng3 Bg7 20. d4 exd4 21. Bxd4
Bxd4 22. Qxd4+ Qf6 23. Qc4 Nb5 24. c3 Qe6 25. f4 Nc5 26. Qxe6 fxe6 27. c4 Na7
28. b4 Nb7 29. Ne2 Nc6 30. Nd4 Nxd4 31. Rxd4 Rac8 32. g3 Nd8 33. Rd3 Nc6 34.
Rb3 Nd4 35. Ra3 Ra8 36. Nf3 Nxf3+ 37. Rfxf3 Kg7 38. Rf1 Ra7 39. Rfa1 Rfa8 40.
Kf2 Kf6 41. Ke3 e5 42. fxe5+ Kxe5 43. Rf1 c6 44. Rc1 c5 45. bxc5 bxc5 46. Rca1
a5 47. Rb3 Rc7 48. Rba3 Rca7 49. Rb3 Rc7 50. Rd1 a4 51. Rd5+ Ke6 52. Rb6 Rd7
53. Rxc5 a3 54. bxa3 Rxa3+ 55. Kd4 Rxg3 56. h4 Rg4 57. h5 g5 58. h6 Ke7 59. Rd5
Rg1 60. Kc3 Rh1 61. Rxg5 Rxh6 62. Kd4 Ke6 63. c5 Rg6 64. Rh5 Rgg7 65. Re5+ Kf6
66. Kd5 Rg5 67. Rxg5 Kxg5 68. c6 Re7 69. Kxd6 Rxe4 70. c7 Re8 71. Rb8 Rxb8 72.
cxb8=Q 1-0

[Event "EUR-ch U14 w"]
[Site "Batumi GEO"]
[Date "2014.10.22"]
[Round "4"]
[White "Nazarova, Anastasia"]
[Black "Olde, Margareth"]
[Result "0-1"]
[WhiteElo "1932"]
[BlackElo "1773"]
[PlyCount "98"]
[EventDate "2014.10.19"]
[EventType "swiss"]
[EventRounds "9"]
[EventCountry "CAN"]
[Source "Chessbase"]
[SourceDate "2015.02.06"]

1. e4 d5 2. exd5 Qxd5 3. Nc3 Qd6 4. d4 Nf6 5. Nf3 g6 6. g3 Bg7 7. Bg2 Qa6 8.
Qe2 Qxe2+ 9. Nxe2 Nc6 10. c3 O-O 11. O-O Bf5 12. Re1 Rad8 13. Nf4 Rfe8 14. Ne5
Nxe5 15. dxe5 Ng4 16. e6 c6 17. exf7+ Kxf7 18. h3 Nf6 19. g4 Bd7 20. g5 Ng8 21.
Be3 e5 22. Ne2 b6 23. Rad1 Ne7 24. Ng3 Be6 25. Ne4 Nf5 26. Bd2 Nh4 27. b3 Rd3
28. Re3 Red8 29. c4 Nxg2 30. Kxg2 Bf5 31. Rxd3 Rxd3 32. Ng3 Bf8 33. Nxf5 gxf5
34. Kf1 Bb4 35. Ke2 Rxd2+ 36. Rxd2 Bxd2 37. Kxd2 Kg6 38. c5 bxc5 39. Kc3 Kxg5
40. Kc4 Kf4 41. Kxc5 Kf3 42. Kxc6 Kxf2 43. b4 e4 44. b5 e3 45. Kb7 e2 46. Kxa7
e1=Q 47. b6 Qa5+ 48. Kb7 Qxa2 49. Kc6 Qa6 0-1

[Event "EUR-ch U14 w"]
[Site "Batumi GEO"]
[Date "2014.10.22"]
[Round "4"]
[White "Nilssen, Ellen Fredericia"]
[Black "Milovanova, Maria"]
[Result "0-1"]
[WhiteElo "1709"]
[BlackElo "1965"]
[PlyCount "106"]
[EventDate "2014.10.19"]
[EventType "swiss"]
[EventRounds "9"]
[EventCountry "CAN"]
[Source "Chessbase"]
[SourceDate "2015.02.06"]

1. d4 Nf6 2. c4 e6 3. Nc3 Bb4 4. Qc2 O-O 5. a3 Bxc3+ 6. Qxc3 Ne4 7. Qc2 f5 8.
e3 b6 9. Bd3 Bb7 10. Nf3 d6 11. b3 Nd7 12. Bb2 Qe7 13. O-O Rae8 14. Rad1 e5 15.
Nd2 Nxd2 16. Rxd2 e4 17. Be2 f4 18. exf4 Rxf4 19. Qc3 Ref8 20. Qe3 h6 21. Rc2
Qf7 22. Rd2 Rf5 23. Bg4 Rg5 24. Bxd7 Qxd7 25. d5 Qg4 26. Qg3 Qh5 27. Qe3 Qg6
28. f3 exf3 29. Rxf3 Re8 30. Qd3 Re1+ 31. Rf1 Qe8 32. Rdf2 Rxf1+ 33. Rxf1 Bc8
34. Qf3 Bg4 35. Qc3 Qg6 36. Qe3 Bf5 37. Qf3 Be4 38. Qf8+ Kh7 39. Rf2 Rxg2+ 40.
Kf1 Rg1+ 41. Ke2 Qg4+ 42. Ke3 Re1+ 43. Kd4 Qd1+ 44. Kc3 Qd3+ 45. Kb4 Rg1 46.
Qf4 c5+ 47. dxc6 a5+ 48. Kb5 Qxb3+ 49. Ka6 Qxc4+ 50. Kxb6 Qxc6+ 51. Kxa5 Rg5+
52. Kb4 Rb5+ 53. Ka4 Qa6# 0-1

[Event "EUR-ch U14 w"]
[Site "Batumi GEO"]
[Date "2014.10.22"]
[Round "4"]
[White "Obolentseva, Alexandra"]
[Black "Sargsyan, Anna M"]
[Result "1/2-1/2"]
[WhiteElo "2126"]
[BlackElo "1705"]
[PlyCount "44"]
[EventDate "2014.10.19"]
[EventType "swiss"]
[EventRounds "9"]
[EventCountry "CAN"]
[Source "Chessbase"]
[SourceDate "2015.02.06"]

1. d4 Nf6 2. Nf3 d5 3. c4 e6 4. Nc3 Nbd7 5. Bg5 Be7 6. e3 O-O 7. cxd5 exd5 8.
Bd3 c6 9. Qc2 Re8 10. O-O Nf8 11. Rae1 Ne4 12. Bxe7 Qxe7 13. Nd2 Nxd2 14. Qxd2
Be6 15. f3 Rad8 16. Qf2 Qf6 17. b4 Bf5 18. Qc2 Bxd3 19. Qxd3 Re6 20. a4 h6 21.
Qd1 Rd7 22. Rf2 Rc7 1/2-1/2

[Event "EUR-ch U14 w"]
[Site "Batumi GEO"]
[Date "2014.10.22"]
[Round "4"]
[White "Shafigullina, Zarina"]
[Black "Tishova, Svetlana"]
[Result "1/2-1/2"]
[WhiteElo "1774"]
[BlackElo "2035"]
[PlyCount "104"]
[EventDate "2014.10.19"]
[EventType "swiss"]
[EventRounds "9"]
[EventCountry "CAN"]
[Source "Chessbase"]
[SourceDate "2015.02.06"]

1. Nf3 d5 2. d4 c5 3. c4 cxd4 4. Nxd4 Nf6 5. Nc3 e5 6. Nf3 d4 7. Nxe5 dxc3 8.
Qxd8+ Kxd8 9. Nxf7+ Ke8 10. Nxh8 Bb4 11. Kd1 Bf5 12. e3 Nc6 13. Ke2 Rd8 14. Kf3
Rd1 15. a3 Rxc1 16. Rxc1 cxb2 17. Rd1 Bg4+ 18. Kg3 Bxd1 19. Bd3 Bd6+ 20. f4 Bb3
21. Kf2 Bxa3 22. Ke2 Nb4 23. Bb1 Bxc4+ 24. Kd2 Nbd5 25. g3 Kf8 26. e4 Bb4+ 27.
Kc2 Nxe4 28. Kxb2 Nef6 29. g4 Kg8 30. g5 Nd7 31. Rc1 b5 32. Ng6 hxg6 33. Bxg6
Nxf4 34. Bf5 Ne5 35. Rd1 Ned3+ 36. Kc2 a5 37. h4 a4 38. Rh1 Nf2 39. Rh2 Bd3+
40. Bxd3 N2xd3 41. h5 Bd6 42. h6 gxh6 43. gxh6 Kh7 44. Rh1 b4 45. Rg1 Kxh6 46.
Rh1+ Kg5 47. Rh8 b3+ 48. Kb1 a3 49. Rg8+ Kf5 50. Re8 a2+ 51. Ka1 Be5+ 52. Rxe5+
Nxe5 1/2-1/2

[Event "EUR-ch U14 w"]
[Site "Batumi GEO"]
[Date "2014.10.22"]
[Round "4"]
[White "Stanciu, Andreea Briana"]
[Black "Nadzamova, Sofia"]
[Result "1/2-1/2"]
[WhiteElo "1993"]
[BlackElo "1734"]
[PlyCount "92"]
[EventDate "2014.10.19"]
[EventType "swiss"]
[EventRounds "9"]
[EventCountry "CAN"]
[Source "Chessbase"]
[SourceDate "2015.02.06"]

1. e4 c5 2. Nf3 Nc6 3. d4 cxd4 4. Nxd4 e5 5. Nb5 d6 6. N1c3 a6 7. Na3 b5 8. Nd5
Nf6 9. Bg5 Be7 10. Bxf6 gxf6 11. c3 f5 12. Bd3 f4 13. g3 Bg5 14. h4 Be7 15.
gxf4 exf4 16. Qh5 Ne5 17. Be2 f3 18. Bxf3 Nd3+ 19. Kd2 Nxb2 20. Kc2 Na4 21. e5
Ra7 22. Rad1 Be6 23. Nxe7 Qxe7 24. Rxd6 O-O 25. Rhd1 Rc7 26. Nb1 Bxa2 27. Rg1+
Kh8 28. Rf6 Bxb1+ 29. Rxb1 Rxc3+ 30. Kd2 Rd8+ 31. Ke1 Qc5 32. Rxf7 Rc1+ 33.
Rxc1 Qxc1+ 34. Bd1 Qc3+ 35. Kf1 Qd3+ 36. Be2 Qb1+ 37. Kg2 Rg8+ 38. Bg4 Qe4+ 39.
f3 Qe2+ 40. Kg3 Qe1+ 41. Kf4 Qc1+ 42. Kg3 Qg1+ 43. Kf4 Qc1+ 44. Kg3 Qg1+ 45.
Kf4 Qc1+ 46. Kg3 Qg1+ 1/2-1/2

[Event "EUR-ch U14 w"]
[Site "Batumi GEO"]
[Date "2014.10.22"]
[Round "4"]
[White "Stanimirovic, Ivana"]
[Black "Gajcin, Marina"]
[Result "0-1"]
[WhiteElo "1762"]
[BlackElo "2017"]
[PlyCount "42"]
[EventDate "2014.10.19"]
[EventType "swiss"]
[EventRounds "9"]
[EventCountry "CAN"]
[Source "Chessbase"]
[SourceDate "2015.02.06"]

1. b4 Nf6 2. Nf3 g6 3. Bb2 Bg7 4. c4 c6 5. Qc2 d5 6. d3 O-O 7. Nbd2 a5 8. bxa5
Qxa5 9. c5 Na6 10. Bxf6 Bxf6 11. d4 Bf5 12. Qc1 Nb4 13. g4 Nc2+ 14. Kd1 Nxa1
15. gxf5 Qa4+ 16. Ke1 Nc2+ 17. Kd1 Nxd4+ 18. Ke1 Nc2+ 19. Kd1 Ne3+ 20. Ke1 Bb2
21. Qb1 Nc2+ 0-1

[Event "EUR-ch U14 w"]
[Site "Batumi GEO"]
[Date "2014.10.22"]
[Round "4"]
[White "Tsolakidou, Stavroula"]
[Black "Grigoryan, Arpine"]
[Result "1-0"]
[WhiteElo "2305"]
[BlackElo "1793"]
[PlyCount "69"]
[EventDate "2014.10.19"]
[EventType "swiss"]
[EventRounds "9"]
[EventCountry "CAN"]
[Source "Chessbase"]
[SourceDate "2015.02.06"]

1. e4 c6 2. d4 d5 3. e5 Bf5 4. h4 h5 5. Bg5 Qb6 6. Bd3 Bxd3 7. Qxd3 e6 8. Ne2
c5 9. c4 dxc4 10. Qxc4 Qb4+ 11. Qxb4 cxb4 12. Nd2 Ne7 13. Nf4 Nbc6 14. Nc4 Nf5
15. d5 b5 16. dxc6 bxc4 17. Rc1 c3 18. bxc3 bxc3 19. Nd3 Rc8 20. Rxc3 Nd4 21.
Be3 Nxc6 22. O-O Rd8 23. Rxc6 Rxd3 24. Bxa7 Be7 25. Rc8+ Rd8 26. Rxd8+ Bxd8 27.
Rb1 O-O 28. Bc5 Re8 29. Rb8 Kh7 30. Bb6 Bxb6 31. Rxe8 Bd4 32. a4 Bxe5 33. a5
Bc7 34. a6 Bb6 35. Re7 1-0

[Event "EUR-ch U14 w"]
[Site "Batumi GEO"]
[Date "2014.10.22"]
[Round "4"]
[White "Urbanc, Ana"]
[Black "Louka, Magdalini"]
[Result "0-1"]
[WhiteElo "1554"]
[BlackElo "1689"]
[PlyCount "64"]
[EventDate "2014.10.19"]
[EventType "swiss"]
[EventRounds "9"]
[EventCountry "CAN"]
[Source "Chessbase"]
[SourceDate "2015.02.06"]

1. e4 c5 2. Nf3 e6 3. d4 cxd4 4. Nxd4 a6 5. Nc3 b5 6. a3 Bb7 7. Be2 Ne7 8. O-O
Nbc6 9. Be3 Rc8 10. f4 Nxd4 11. Bxd4 Nc6 12. Be3 Be7 13. Bf3 O-O 14. Ne2 Qc7
15. c3 Na5 16. b3 Bc5 17. Bxc5 Qxc5+ 18. Kh1 Qc7 19. e5 f6 20. exf6 Rxf6 21.
Bxb7 Qxb7 22. a4 Rg6 23. Rf2 bxa4 24. Rxa4 Nxb3 25. Rb4 Qa7 26. f5 Rh6 27. fxe6
Rxe6 28. Rbf4 Nc5 29. Qd4 Qb6 30. Qd1 Rce8 31. Qd5 Ne4 32. Qh5 Nxf2+ 0-1

[Event "EUR-ch U14 w"]
[Site "Batumi GEO"]
[Date "2014.10.22"]
[Round "4"]
[White "Vavrinkova, Eliska"]
[Black "Ismayilova, Aysu"]
[Result "1/2-1/2"]
[WhiteElo "1495"]
[BlackElo "1453"]
[PlyCount "81"]
[EventDate "2014.10.19"]
[EventType "swiss"]
[EventRounds "9"]
[EventCountry "CAN"]
[Source "Chessbase"]
[SourceDate "2015.02.06"]

1. d4 Nf6 2. c4 e6 3. Nf3 d5 4. Nc3 Bb4 5. cxd5 exd5 6. Bg5 c6 7. h3 O-O 8. e3
Qa5 9. Qb3 Ne4 10. Rc1 Nd7 11. Bd3 Ndf6 12. a3 Bd6 13. O-O h6 14. Bxf6 Nxf6 15.
Qc2 Re8 16. b4 Qd8 17. Rb1 Qe7 18. Qb2 a5 19. bxa5 Bxa3 20. Qb6 Nd7 21. Qb3
Rxa5 22. Ra1 b5 23. Ra2 Bb7 24. Rfa1 Rea8 25. Ne1 Bb4 26. Rxa5 Bxa5 27. Nc2 Nb6
28. Na2 Nc4 29. Nab4 Bxb4 30. Rxa8+ Bxa8 31. Nxb4 Qa7 32. Qc2 Qa3 33. Qa2 Qxa2
34. Nxa2 Kf8 35. Kf1 Ke7 36. Ke2 Kd6 37. Nb4 Bb7 38. Kf3 g5 39. Kg4 c5 40.
dxc5+ Kxc5 41. Na2 1/2-1/2

[Event "EUR-ch U14 w"]
[Site "Batumi GEO"]
[Date "2014.10.22"]
[Round "4"]
[White "Vrtiakova, Anna"]
[Black "Avetisyan, Mariam"]
[Result "0-1"]
[WhiteElo "1966"]
[BlackElo "1787"]
[PlyCount "82"]
[EventDate "2014.10.19"]
[EventType "swiss"]
[EventRounds "9"]
[EventCountry "CAN"]
[Source "Chessbase"]
[SourceDate "2015.02.06"]

1. e4 e5 2. Nf3 Nc6 3. d4 exd4 4. Nxd4 Bc5 5. Be3 Qf6 6. c3 Nge7 7. Bc4 O-O 8.
O-O b6 9. f4 d5 10. e5 Qh6 11. Bd3 Nxe5 12. h3 Nxd3 13. Qxd3 Qf6 14. Nd2 Nf5
15. N2f3 Nxe3 16. Qxe3 Ba6 17. Rfe1 Qd8 18. b4 Bxd4 19. Qxd4 Qd6 20. Re5 Rad8
21. Rd1 Bc4 22. Nh4 f6 23. Ree1 Qd7 24. a3 Qc8 25. Re7 Rfe8 26. Rde1 Rxe7 27.
Rxe7 Kf8 28. Qe3 Re8 29. Nf5 g6 30. Rxe8+ Qxe8 31. Qxe8+ Kxe8 32. Ne3 Kd7 33.
Kf2 Kd6 34. Ng4 Ke6 35. Ke3 c5 36. Nf2 Bf1 37. g4 h5 38. Kf3 h4 39. Ke3 f5 40.
g5 a6 41. a4 Kd6 0-1

[Event "EUR-ch U14 w"]
[Site "Batumi GEO"]
[Date "2014.10.22"]
[Round "4"]
[White "Vukanic, Emilija"]
[Black "Brezalieva, Steliyana"]
[Result "1/2-1/2"]
[WhiteElo "1358"]
[BlackElo "1480"]
[PlyCount "82"]
[EventDate "2014.10.19"]
[EventType "swiss"]
[EventRounds "9"]
[EventCountry "CAN"]
[Source "Chessbase"]
[SourceDate "2015.02.06"]

1. d4 d6 2. c4 e5 3. dxe5 dxe5 4. Qxd8+ Kxd8 5. Nf3 Bb4+ 6. Bd2 Bxd2+ 7. Nbxd2
f6 8. e3 Be6 9. Be2 c6 10. O-O Kc7 11. Rfd1 Nd7 12. Rac1 a5 13. a3 a4 14. Ne4
Nh6 15. h3 Nf7 16. Rd2 Rad8 17. Rcd1 h6 18. Ng3 g5 19. Nh5 b6 20. Ng7 Nc5 21.
Nxe6+ Nxe6 22. Rxd8 Rxd8 23. Rxd8 Nfxd8 24. Kf1 Nc5 25. Ke1 Nf7 26. Nd2 Nd6 27.
Kd1 Nce4 28. Nxe4 Nxe4 29. f3 Nc5 30. g4 Kd6 31. Kc2 Ne6 32. Kc3 Kc5 33. Bd1 b5
34. Be2 Nf8 35. Bd3 Nd7 36. cxb5 cxb5 37. e4 Nf8 38. Be2 Ne6 39. Bd1 Nf4 40. b3
axb3 41. Bxb3 Nxh3 1/2-1/2

[Event "EUR-ch U14 w"]
[Site "Batumi GEO"]
[Date "2014.10.22"]
[Round "4.31"]
[White "Mocanu, Valeria"]
[Black "Imnadze, Lika"]
[Result "0-1"]
[WhiteElo "1596"]
[BlackElo "1446"]
[PlyCount "110"]
[EventDate "2014.10.19"]
[EventType "swiss"]
[EventRounds "9"]
[EventCountry "CAN"]

1. e4 Nc6 2. Nf3 e5 3. Bc4 Bc5 4. c3 Nf6 5. d3 d6 6. Bb3 h6 7. Nbd2 O-O 8. O-O
Re8 9. h3 d5 10. Qe2 dxe4 11. dxe4 Qe7 12. Re1 a6 13. Nf1 Be6 14. Ng3 Bxb3 15.
axb3 Qe6 16. b4 Bb6 17. Nh2 Ne7 18. Qf3 Rad8 19. Ng4 Nxg4 20. hxg4 Qg6 21. Nf5
c6 22. g3 Nxf5 23. gxf5 Qf6 24. Kg2 Rd7 25. Rh1 Red8 26. Qg4 Kf8 27. Qe2 Rd3
28. g4 Kg8 29. g5 hxg5 30. Qh5 g6 31. Qxg5 Qxg5+ 32. Bxg5 R8d6 33. Be7 gxf5 34.
Bxd6 Rxd6 35. Rh5 fxe4 36. Rxe5 Rg6+ 37. Kf1 Rf6 38. c4 Rxf2+ 39. Ke1 Rxb2 40.
c5 Bc7 41. Rxe4 Bg3+ 42. Kf1 f5 43. Rc4 f4 44. Rd1 Kf8 45. Rd3 Rf2+ 46. Kg1 Ke7
47. Rcc3 Ke6 48. Rd4 Ke5 49. Rd7 f3 50. Rxb7 Rg2+ 51. Kf1 Rf2+ 52. Kg1 Rg2+ 53.
Kh1 Rh2+ 54. Kg1 f2+ 55. Kf1 Rh1+ 0-1

[Event "EUR-ch U14 w"]
[Site "Batumi GEO"]
[Date "2014.10.23"]
[Round "5"]
[White "Ambrozova, Lucie"]
[Black "Vukanic, Emilija"]
[Result "1-0"]
[WhiteElo "1725"]
[BlackElo "1358"]
[PlyCount "77"]
[EventDate "2014.10.19"]
[EventType "swiss"]
[EventRounds "9"]
[EventCountry "CAN"]
[Source "Chessbase"]
[SourceDate "2015.02.06"]

1. e4 c5 2. Nf3 Nc6 3. d4 cxd4 4. Nxd4 g6 5. c4 Nf6 6. Nc3 Bg7 7. Be3 O-O 8.
Be2 d6 9. O-O Bd7 10. f3 Rc8 11. Qd2 a6 12. Rfc1 Nxd4 13. Bxd4 Bc6 14. b4 e6
15. a4 Qe7 16. Qe3 Rfe8 17. b5 Bd7 18. Ra2 Nh5 19. Bb6 Qf6 20. Rd2 Qf4 21. Qxf4
Nxf4 22. Bf1 Bxc3 23. Rxc3 axb5 24. Rxd6 Bc6 25. cxb5 Bd7 26. Rxc8 Bxc8 27. e5
Nd5 28. Bc5 Nc3 29. Rd4 Nd5 30. Kf2 Rd8 31. Ke2 Nc3+ 32. Kd3 Rxd4+ 33. Kxd4
Nxa4 34. Be7 Bd7 35. Kc4 b6 36. Kb4 Nb2 37. Bd8 Nd1 38. Bxb6 Ne3 39. Bxe3 1-0